Revolutionizng Indian Insurance: (Record no. 212750)

MARC details
000 -LEADER
fixed length control field 00772nam a22002297a 4500
005 - DATE AND TIME OF LATEST TRANSACTION
control field 20250731115555.0
010 ## - LCCN (DPL NO)
LC control number ENG-146257
020 ## - INTERNATIONAL STANDARD BOOK NUMBER
International Standard Book Number 9789391772413
Terms of availability 800.00
035 ## - SYSTEM CONTROL NUMBER
System control number EN-129789
037 ## - SOURCE OF ACQUISITION
Source of stock number/acquisition DBAD
082 ## - DEWEY DECIMAL CLASSIFICATION NUMBER
Classification number 353.9767
Edition number 1
100 ## - MAIN ENTRY--PERSONAL NAME
Personal name Hemalatha, T.M.
245 ## - TITLE STATEMENT
Title Revolutionizng Indian Insurance:
Remainder of title The Power of Innovation and Digitalization
Statement of responsibility, etc T.M. Hemalatha...[et.al]
250 ## - EDITION STATEMENT
Edition statement 1
260 ## - PUBLICATION, DISTRIBUTION, ETC. (IMPRINT)
Place of publication, distribution, etc Chennai
Name of publisher, distributor, etc Forschung Publications
Date of publication, distribution, etc 2025
270 ## - ADDRESS
Address Mogappair
City Chennai
Telephone number 9626166683
Electronic mail address forchungpublications@gmail.com
300 ## - PHYSICAL DESCRIPTION
Extent 376p.
Dimensions 24cm(pb)
700 ## - ADDED ENTRY--PERSONAL NAME
Personal name A. Saravanakumar
Relator term Author
9 (RLIN) 83532
700 ## - ADDED ENTRY--PERSONAL NAME
Personal name G. Arut Geevitha
Relator term Author
9 (RLIN) 83533
700 ## - ADDED ENTRY--PERSONAL NAME
Personal name C. Krishnamoorthy
Relator term Author
9 (RLIN) 83534
942 ## - ADDED ENTRY ELEMENTS (KOHA)
Source of classification or shelving scheme Dewey Decimal Classification
Item type English Books
Classification part 353.9767
Call number suffix HEM
Holdings
Withdrawn status Lost status Not for loan Collection code Home library Current library Date acquired Source of acquisition Cost, normal purchase price Full call number Barcode Copy number Cost, replacement price Koha item type
    Not For Loan Non-fiction D.B.Act.Division D.B.Act.Division 31/07/2025 Delivery of Books Act Division 800.00 353.9767 HEM EN-129789 1 800.00 English Books

© Delhi Public Library
Hit Counter
free hit counter